গল্পসমগ্র (২য় খণ্ড) / (Record no. 2710)

MARC details
000 -LEADER
fixed length control field 00912nam a22002297a 4500
003 - CONTROL NUMBER IDENTIFIER
control field BD-DhJNU
005 - DATE AND TIME OF LATEST TRANSACTION
control field 20260422055456.0
008 - FIXED-LENGTH DATA ELEMENTS--GENERAL INFORMATION
fixed length control field 260422b |||||||| |||| 00| 0 eng d
020 ## - INTERNATIONAL STANDARD BOOK NUMBER
International Standard Book Number 9789848801543
040 ## - CATALOGING SOURCE
Original cataloging agency BD-DhJNU
Language of cataloging ENG
Transcribing agency BD-DhJNU
Modifying agency BD-DhJNU
082 ## - DEWEY DECIMAL CLASSIFICATION NUMBER
Edition number 23
Classification number 891.44301 BAC
100 ## - MAIN ENTRY--PERSONAL NAME
Personal name বন্দ্যোপাধ্যায়, বিভূতিভূষণ
242 ## - TRANSLATION OF TITLE BY CATALOGING AGENCY
Title Collected stories /
Statement of responsibility, etc. Bibhutibhushan Bandyopadhyay
245 ## - TITLE STATEMENT
Title গল্পসমগ্র (২য় খণ্ড) /
Statement of responsibility, etc. বিভূতিভূষণ বন্দ্যোপাধ্যায়
246 ## - VARYING FORM OF TITLE
Title proper/short title Golpo somogro
260 ## - PUBLICATION, DISTRIBUTION, ETC.
Place of publication, distribution, etc. ঢাকা :
Name of publisher, distributor, etc. অবসর প্রকাশনা,
Date of publication, distribution, etc. 2024.
300 ## - PHYSICAL DESCRIPTION
Extent ৫০৪ পৃ. :
Other physical details চিত্র ;
Dimensions ২২ সেমি.।
490 ## - SERIES STATEMENT
Volume/sequential designation ২য় খণ্ড
650 ## - SUBJECT ADDED ENTRY--TOPICAL TERM
Topical term or geographic name entry element গল্পসমগ্র
650 ## - SUBJECT ADDED ENTRY--TOPICAL TERM
Topical term or geographic name entry element Collected stories
942 ## - ADDED ENTRY ELEMENTS (KOHA)
Source of classification or shelving scheme Dewey Decimal Classification
Koha item type Books
Suppress in OPAC No
Holdings
Withdrawn status Lost status Source of classification or shelving scheme Damaged status Not for loan Collection Home library Current library Shelving location Date acquired Source of acquisition Total checkouts Full call number Barcode Date last seen Copy number Price effective from Koha item type
    Dewey Decimal Classification     Non-fiction Jagannath University Central Library Jagannath University Central Library General stacks 04/22/2026 Purchased   891.44301 BAC JNUCL35563 04/22/2026 1 04/22/2026 Books